000 00554nam a2200229Ia 4500
003 OSt
005 20220924113125.0
006 a|||||r|||| 00| 0
007 ta
008 220923b |||||||| |||| 00| 0 eng d
024 _a60823
037 _cDictionary
040 _aARTS
_cARTS
_beng
041 _2eng
_aeng
082 _aP41:4k, 111J7
100 _aKarlgren B
245 0 _aGrammata serica recensa
260 _c1957
650 _aLINGUISTICS
942 _hP41:4k, 111J7
_cdic
_2cc
999 _c389299
_d389299